| 000 | 00527nam a22001577a 4500 | ||
|---|---|---|---|
| 005 | 20250223083949.0 | ||
| 008 | 250223b |||||||| |||| 00| 0 eng d | ||
| 020 | _a9780071429603 | ||
| 050 |
_aRJ1 _b.K45 |
||
| 245 |
_aCurrent Pediatric Diagnosis & Treatment/ _ba LANGE medical book _cedited by William W. Hay...et al., |
||
| 250 | _a17th ed. | ||
| 260 |
_aNew York _bLange Medical Books/McGraw-Hill Medical Publishing Division _c2005 |
||
| 300 |
_axx. 1440p. _c23.5cm |
||
| 700 | _aHay, William W. | ||
| 942 |
_2lcc _cBK _e17th ed. _n0 |
||
| 999 |
_c4151 _d4151 |
||